Analisis sistem kuasa

Bibliographic Details
Main Author: Marizan Sulaiman
Format: Book
Published: Pulau-Pinang : USM , 2004
Subjects:

MARC

LEADER 00000cam a2200000 7i4500
001 0000015548
005 20080331.0
008 080331
020 |a 9838612170 
090 0 0 |a 621.3191   |b MAR 
100 0 |a Marizan Sulaiman 
245 1 0 |a Analisis sistem kuasa   |c Marizan Sulaiman 
260 |a Pulau-Pinang :   |b USM ,   |c 2004 
650 0 |a Electric power distributions 
650 0 |a Electric power system 
999 |a 0001018167   |b Book   |c Adult Collection   |e Perbadanan Perpustakaan Awam Johor 
999 |a 0001018168   |b Book   |c Adult Collection   |e Perbadanan Perpustakaan Awam Johor 
999 |a 0001018169   |b Book   |c Adult Collection   |e Cawangan Segamat